Sports Quiz

Random Sports or NFL Quiz
Score 0/10 Timer 05:00
0 Plays Today
interecptions NFL player % Correct
9Charles Woodson
79.3%
6Darrelle Revis
74.7%
9Jairus Byrd
54%
9Darren Sharper
54%
9Asante Samuel
49.4%
6Leon Hall
33.3%
6Jonathan Joseph
26.4%
6Nick Collins
23%
6Zack Bowman
9.2%
6Brent Grimes
2.3%
Remove Ads.
Support Sporcle.
Get the best of Sporcle when you Go Orange. This ad-free experience offers more features, more stats, and more fun while also helping to support Sporcle. Thank you for becoming a member.

You're not logged in!

Compare scores with friends on all Sporcle quizzes.
OR
Log In

Show Comments

Extras

Created Oct 20, 2010ReportNominate
Tags:NFL Quiz, 2009, Interception, Player

Top Quizzes Today


Score Distribution

Your Account Isn't Verified!

In order to create a playlist on Sporcle, you need to verify the email address you used during registration. Go to your Sporcle Settings to finish the process.

Report this User

Report this user for behavior that violates our Community Guidelines.

Details: